000
00281nam a2200097Ia 4500
008
220204s9999 xx 000 0 und d
082
_a
339.562(5-15)
_b
TOP
245
0
_a
Top importers in middle east countries 1997-98
260
_a
New Delhi
_b
Centre of Publications
_c
1998
942
_c
BK
999
_c
41768
_d
41768